00379nam a2200145 a 45000010005000000030009000050080041000140400028000550820021000831000018001042450036001222600046001583000010002046500019002144291CO-ViMGA141112s2004 ck r 000 u spa d aCO-ViMGAbspacCO-ViMGA04aCh 861.44 N278ct1 aNeruda, Pablo10aCuadernos de temuco 1919 - 1920 aSantafé de Bogotá : bPlaneta, c1996 a230 p14aPOESIA CHILENA